Online katalóg knižníc regiónu Turca

Život Henryho Brularda ; Novely (Record no. 22711)

MARC details
000 -LEADER
fixed length control field 01377cam a2200397 a 4500
001 - CONTROL NUMBER
control field 22711
003 - CONTROL NUMBER IDENTIFIER
control field SK-KTurca
005 - DATE AND TIME OF LATEST TRANSACTION
control field 20260421145426.0
008 - FIXED-LENGTH DATA ELEMENTS--GENERAL INFORMATION
fixed length control field 240226s1977 xo 000 f slo
015 ## - NATIONAL BIBLIOGRAPHY NUMBER
National bibliography number SNBA1977
020 ## - INTERNATIONAL STANDARD BOOK NUMBER
Qualifying information (viaz.)
035 ## - SYSTEM CONTROL NUMBER
System control number SNK000048951
035 ## - SYSTEM CONTROL NUMBER
System control number D64AF35F-CDDF-47AE-986A-4D28EE97C506
035 ## - SYSTEM CONTROL NUMBER
System control number urn:nbn:sk:snk-am00ikic
040 ## - CATALOGING SOURCE
Original cataloging agency SNK
Language of cataloging slo
Transcribing agency SNK
Description conventions AACR2
041 1# - LANGUAGE CODE
Language code of text/sound track or separate title slo
Language code of original fre
044 ## - COUNTRY OF PUBLISHING/PRODUCING ENTITY CODE
MARC country code xo
ISO country code SK
080 ## - UNIVERSAL DECIMAL CLASSIFICATION NUMBER
Universal Decimal Classification number 840-3
Edition identifier 1981
100 0# - MAIN ENTRY--PERSONAL NAME
Personal name Stendhal,
Dates associated with a name 1783-1842
Relationship aut
240 10 - UNIFORM TITLE
Uniform title Vie de Henry Brulard
Language of a work Slovensky
245 10 - TITLE STATEMENT
Title Život Henryho Brularda ; Novely
Statement of responsibility, etc. Stendhal ; z francúzskych originálov Vie de Henry Brulard a Chroniquies italiens I, II a Romans et nouvelles I. preložili Anna Haviarová a Vladimír Reisel
250 ## - EDITION STATEMENT
Edition statement 1. vyd.
260 ## - PUBLICATION, DISTRIBUTION, ETC.
Place of publication, distribution, etc. Bratislava
Name of publisher, distributor, etc. Tatran
Date of publication, distribution, etc. 1977
Place of manufacture Bratislava
Manufacturer Pravda
300 ## - PHYSICAL DESCRIPTION
Extent 759 s.
Dimensions 20 cm
366 ## - TRADE AVAILABILITY INFORMATION
Note 50000 výtl.
490 1# - SERIES STATEMENT
Series statement Zlatý fond svetovej literatúry
Volume/sequential designation zv. 6
655 #7 - INDEX TERM--GENRE/FORM
Genre/form data or focus term francúzske romány
Source of term SNKPH
655 #7 - INDEX TERM--GENRE/FORM
Genre/form data or focus term autobiografické romány
Source of term SNKPH
655 #7 - INDEX TERM--GENRE/FORM
Genre/form data or focus term francúzske novely
Source of term SNKPH
700 1# - ADDED ENTRY--PERSONAL NAME
Personal name Haviarová, Anna
Titles and other words associated with a name (prekladateľka)
Relationship trl
700 1# - ADDED ENTRY--PERSONAL NAME
Personal name Reisel, Vladimír,
Dates associated with a name 1919-2007
Relationship trl
700 1# - ADDED ENTRY--PERSONAL NAME
Personal name Pašteka, Július,
Dates associated with a name 1924-2019
Relationship aui
830 #0 - SERIES ADDED ENTRY--UNIFORM TITLE
Uniform title Zlatý fond svetovej literatúry
942 ## - ADDED ENTRY ELEMENTS (KOHA)
Source of classification or shelving scheme Dewey Decimal Classification
Koha item type Krásna literatúra pre dospelých
Suppress in OPAC No
Holdings
Stav vyradenia Strata Poškodenie Spôsob nadobudnutia Domovská knižnica Aktuálna knižnica Dátum nadobudnutia Total checkouts Čiarový kód exemplára Date last seen Typ exemplára
      Dar Obecná knižnica Horná Štubňa Obecná knižnica Horná Štubňa 21.04.2026   4736202235 21.04.2026 Krásna literatúra pre dospelých
Projekt je podporený Slovenskou asociáciou knižníc
Prevádzkuje Turčianska knižnica Martin 2026